[Event "World School-ch U15"]
[Site "Sochi"]
[Date "2016.12.08"]
[Round "5"]
[White "Myradow, Soltan"]
[Black "Edirisinghe, S Thulnith"]
[Result "1-0"]
[WhiteElo "1938"]
[BlackElo "1561"]
[PlyCount "43"]
[EventDate "2016.12.03"]
[EventType "swiss"]
[EventRounds "9"]
[EventCountry "RUS"]
[SourceTitle "EXT 2018"]
[Source "ChessBase"]
[SourceDate "2017.10.13"]
[SourceVersion "1"]
[SourceVersionDate "2017.10.13"]
[SourceQuality "1"]

1. d4 d5 2. c4 c6 3. Nc3 Nf6 4. Nf3 e6 5. Bg5 Be7 6. e3 a6 7. Qc2 dxc4 8. Bxc4 b5 9. Bd3 Bb7 10. 0-0 Nbd7 11. Rfd1 0-0 12. Ne5 h6 13. Bxf6 Nxf6 14. Rac1 Rc8 15. Qe2 Qc7 16. a4 Rfd8 17. f4 b4 18. Nb1 Qa5 19. f5 exf5 20. Bxf5 Rc7 21. b3 c5 22. Nc4 1-0